000 00966nmm a2200289 a 4500
001 ocm000604964
003 TR-IsHL
005 20201028131714.0
008 131028s2006 tu tur
007 cr cn
020 _a9789753853101
035 _a604964
_b(N$T)
050 0 4 _aPQ2084.Z5
_bC36 2006
090 0 4 _aPQ2084.Z5
_bC36 2006
100 1 _aVoltaire
245 1 0 _aCandide
_h[electronic resource] /
_cVoltaire ; çev. Tuncay Türk
250 _a2. bs.
260 _aİstanbul :
_bOda Yayınları,
_c2006
300 _a112 p.
650 4 _aFelsefe, Psikoloji ve Din
650 4 _aPhilosophy, Psychology and Religion
650 0 _aFransız romanı
650 0 _aFrench fiction
650 7 _aPERFORMING ARTS / Individual Director (see alsoBIOGRAPHY & AUTOBIOGRAPHY / Entertainment & Performing Arts)
_2bisacsh
700 1 _aTürk, Tuncay
856 4 0 _uhttp://search.ebscohost.com/login.aspx?direct=true&scope=site&db=e011xww&AN=604964
999 _c4706
_d4706